Randu natakangal uppu guru(രണ്ട് നാടകങ്ങൾ ഉപ്പ്, ഗുരു) (Record no. 115266)

MARC details
000 -LEADER
fixed length control field 00284 a2200097 4500
020 ## - INTERNATIONAL STANDARD BOOK NUMBER
International Standard Book Number 9789364872126
100 ## - MAIN ENTRY--PERSONAL NAME
Personal name Satchidanandan
245 ## - TITLE STATEMENT
Title Randu natakangal uppu guru(രണ്ട് നാടകങ്ങൾ ഉപ്പ്, ഗുരു)
260 ## - PUBLICATION, DISTRIBUTION, ETC. (IMPRINT)
Name of publisher, distributor, etc D C books
Date of publication, distribution, etc 2025
942 ## - ADDED ENTRY ELEMENTS (KOHA)
Koha item type On order/under processing
Holdings
Withdrawn status Lost status Damaged status Not for loan Home library Current library Date acquired Source of acquisition Cost, normal purchase price Total Checkouts Barcode Date last seen Cost, replacement price Price effective from Koha item type
        University Library University Library 27/02/2026 275 106.67   00097345 27/02/2026 160.00 27/02/2026 On order/under processing
University Library, CUSAT